00478nam a22001457a 4500003000400000005001700004008004100021020001800062050002500080100002300105245012400128260003900252300002000291700002100311OSt20140310182510.0130220t xxu||||| |||| 00| 0 eng d a9789717251370 aPE 1408b.Aq657 2007 aAquino, Julieta G. aCommunication arts I :cJulieta G. Aquino, Ligaya A. Viray, Miguel U. Baltazar.bstudy and thinking skills in english / aMakati City :bGrandwater,cc2007. a246 p. c21cm. aViray, Ligaya A.